L' education, ses images et ses propos

Αποθηκεύτηκε σε:
Λεπτομέρειες βιβλιογραφικής εγγραφής
Κύριος συγγραφέας: Hameline, Daniel 1931-
Μορφή: Βιβλίο
Γλώσσα:French
Δημοσίευση: Paris : ESF, c 1986
Θέματα:
Ετικέτες: Προσθήκη ετικέτας
Δεν υπάρχουν, Καταχωρήστε ετικέτα πρώτοι!

MARC

LEADER 00000nam a2200000 i 4500
001 1/50993
008 040312s1986 fre d
020 |a 2-7101-0580-2 
035 |l 10072677 
040 |a GR-MY-UA  |b gre  |e aacr 
041 0 |a fre 
082 0 |a 370.1 
100 1 |a Hameline, Daniel  |d 1931- 
245 1 3 |a L' education, ses images et ses propos /  |c Daniel Hameline 
260 |a Paris :   |b ESF,   |c c 1986 
300 |a 240 p. 
504 |a Includes indexes 
650 0 0 |a Education  |x Philosophy. 
650 0 0 |a Education. 
852 |a INST  |b RHODES  |e 20040312  |h 370.1 HAM  |p 005400019466  |q 005400019466  |t BK  |y 0 
901 |a BIBL4-2004-1 
909 |a Ρ  |b 109060 
922 |a 4ΕΛΗ  |b 200402  |c ΕΠΕΑΕΚ2/ΤΕΠΑΕΣ  |d LEADER BOOKS 
950 |a 096-2003-06-24 
970 |z 2004/03/12